| 000 | 00797nam a2200205Ia 4500 | ||
|---|---|---|---|
| 003 | GCL | ||
| 008 | 140319s9999 xx 000 0 ara d | ||
| 040 |
_aGCL / _cGCL |
||
| 082 | 0 | 4 |
_a301.31 _bم م |
| 100 | 1 | _aانور عبدالواحد | |
| 245 | 1 | 0 |
_aتخليص الهواء من الملوثات (جدول اعمال عالمى) النص باللغة العربية والانجليزية / _cانور عبدالواحد |
| 700 | 1 | _aفرنش، هيلارى ف | |
| 260 |
_a[S.N] : _bالدار الدولية للنشر والتوزيع ، _c1992 |
||
| 300 | _a77 ص | ||
| 490 |
_aمعهد مراقبة البيئة العالمية ورلد واتش _v0 |
||
| 650 | 0 | 4 | _aتلوث الهواء |
| 650 | 0 | 4 | _aالهواء - تلوث |
| 650 | 0 | 4 | _aالبيئة - علم |
| 942 |
_2ddc _cBK |
||
| 999 |
_c53816 _d53816 |
||